Structural surveys of dwelling houses including structural surveys of flats and new dwellings...with a chapter on the legal position of the surveyor by Paul G. Murrells. (Record no. 89325)
[ view plain ]
| 000 -LEADER | |
|---|---|
| fixed length control field | 00795cam a2200241 4500 |
| 008 - FIXED-LENGTH DATA ELEMENTS--GENERAL INFORMATION | |
| fixed length control field | 090401t1992 xxu||||| |||| 00| 0 eng d |
| 020 ## - INTERNATIONAL STANDARD BOOK NUMBER | |
| International Standard Book Number | 0728201631 |
| 035 ## - SYSTEM CONTROL NUMBER | |
| System control number | (Sirsi) u28685 |
| 041 ## - LANGUAGE CODE | |
| Language code of text/sound track or separate title | eng |
| 050 ## - LIBRARY OF CONGRESS CALL NUMBER | |
| Classification number | 690.2 |
| 100 ## - MAIN ENTRY--PERSONAL NAME | |
| Personal name | Melville, Ian A. |
| 245 ## - TITLE STATEMENT | |
| Title | Structural surveys of dwelling houses including structural surveys of flats and new dwellings...with a chapter on the legal position of the surveyor by Paul G. Murrells. |
| 250 ## - EDITION STATEMENT | |
| Edition statement | 3rd ed. |
| 260 ## - PUBLICATION, DISTRIBUTION, ETC. | |
| Place of publication, distribution, etc. | London |
| Name of publisher, distributor, etc. | Estates Gazette |
| Date of publication, distribution, etc. | 1992 |
| 300 ## - PHYSICAL DESCRIPTION | |
| Extent | xiii,562p. : ill. ; 30cm |
| 350 ## - PRICE (NR) (BK AM CF MU VM SE) [OBSOLETE] | |
| Price | 40 |
| 650 ## - SUBJECT ADDED ENTRY--TOPICAL TERM | |
| Topical term or geographic name entry element | BUILT ENVIRONMENT-BUILDING SURVEYING-STRUCTURAL SURVEYING |
| 690 ## - LOCAL SUBJECT ADDED ENTRY--TOPICAL TERM (OCLC, RLIN) | |
| Topical term or geographic name as entry element | BUILT ENVIRONMENT-BUILDING INSPECTION |
| 700 ## - ADDED ENTRY--PERSONAL NAME | |
| Personal name | Gordon, Ian A. |
| 700 ## - ADDED ENTRY--PERSONAL NAME | |
| Personal name | Murrells, Paul G. |
| 942 ## - ADDED ENTRY ELEMENTS (KOHA) | |
| Suppress in OPAC | 0 |
| 948 ## - LOCAL PROCESSING INFORMATION (OCLC); SERIES PART DESIGNATOR (RLIN) | |
| c (OCLC) | 04/03/1997 |
| Withdrawn status | Lost status | Source of classification or shelving scheme | Damaged status | Not for loan | Home library | Current library | Shelving location | Date acquired | Cost, normal purchase price | Total Checkouts | Full call number | Barcode | Date last seen | Copy number | Cost, replacement price | Price effective from | Koha item type |
|---|---|---|---|---|---|---|---|---|---|---|---|---|---|---|---|---|---|
| Dewey Decimal Classification | London | London | Folio | 30/01/1992 | 40.00 | F690.2 | 30025539 | 02/06/2026 | 1 | 40.00 | 06/08/2019 | Reference material |